BUBT Library Online Catalog

একাত্তরের বধ্যভূমি / (Record no. 6546)

000 -LEADER
fixed length control field 00657nam a22001817a 4500
003 - CONTROL NUMBER IDENTIFIER
control field BUBTL
008 - FIXED-LENGTH DATA ELEMENTS--GENERAL INFORMATION
fixed length control field 210929b ||||| |||| 00| 0 eng d
020 ## - INTERNATIONAL STANDARD BOOK NUMBER
International Standard Book Number 9789849097044
082 ## - DEWEY DECIMAL CLASSIFICATION NUMBER
Classification number 954.92 / Ab33e /2018
100 ## - MAIN ENTRY--PERSONAL NAME
9 (RLIN) 4225
Personal name আবেদীন, মো: জয়নাল
245 ## - TITLE STATEMENT
Title একাত্তরের বধ্যভূমি /
Statement of responsibility, etc. মোঃ জয়নাল আবেদীন
260 ## - PUBLICATION, DISTRIBUTION, ETC. (IMPRINT)
Place of publication, distribution, etc. ঢাকা :
Name of publisher, distributor, etc. পালক পাবলিশার্স,
Date of publication, distribution, etc. c2011
300 ## - PHYSICAL DESCRIPTION
Extent 200 p. :
Dimensions 23 cm.
650 #0 - SUBJECT ADDED ENTRY--TOPICAL TERM
9 (RLIN) 3574
Topical term or geographic name as entry element বঙ্গবন্ধু
856 ## - ELECTRONIC LOCATION AND ACCESS
Password 0
Logon 0
Link text Download
942 ## - ADDED ENTRY ELEMENTS (KOHA)
Source of classification or shelving scheme
Koha item type Books
Holdings
Withdrawn status Lost status Source of classification or shelving scheme Damaged status Not for loan Collection code Permanent location Current location Shelving location Date acquired Source of acquisition Inventory number Total Checkouts Full call number Barcode Date last seen Date last checked out Copy number Price effective from Koha item type
          Non-fiction Bangladesh University of Business and Technology Library Bangladesh University of Business and Technology Library Historical Books 09/22/2021 Purchase 28020 3 954.92 Ab33e 2018 BUBTL-200328020 10/07/2021 10/07/2021 C-1 09/29/2021 Books

More Information About Library

Library Hours

  • Open: 9.00 am. to 9.00 pm.
  • Only Sunday: 9.00 am. to 6.00 pm.
  • Closed: Holiday

Contact to the University

Bangladesh University of Business and Technology Library

  • Mirpurl-2, 1216.
  • Phone:
  • Fax:
  • E-Mail: admin.library@bubt.edu.bd

Contact to the Library

Contact Person:

Md. Abdul Hakim Shah
Joint Librarian
PABX No:  113
Cell No: 01816332931
E-mail: official: admin.library@bubt.edu.bd
Personal: hakim.shah@bubt.edu.bd


BUBT Library

Copyright © 2021